Statistics for Palermo Best Scorer By Year

Click here to take the quiz!

General Stats

  • This quiz has been taken 76 times
  • The average score is 4 of 21

Answer Stats

Player% Correct
Paulo Dybala
82%
Edinson Cavani
78%
Fabrizio Miccoli
71%
Javier Pastore
41%
Luca Toni
38%
Alberto Gilardino
25%
Josip Iličić
24%
Amauri
19%
Ilija Nestorovski
18%
Eugenio Corini
7%
Andrea Caracciolo
1%
Dante Di Maso
1%
Gaetano Troja
1%
Santiago Vernazza
1%
Arturo Ballabio
0%
Enrique Martegani
0%
Fernando
0%
Helge Bronée
0%
Lorenzo Bettini
0%
Rune Börjesson
0%
Sergio Pellizzaro
0%

Score Distribution

Percentile by Number Answered

Percent of People with Each Score

Your Score History

You have not taken this quiz